माणसाच्या ऐहिक सुखाची गोष्ट / (Record no. 67136)
[ view plain ]
| 000 -LEADER | |
|---|---|
| fixed length control field | 01360nam a22002537a 4500 |
| 005 - DATE AND TIME OF LATEST TRANSACTION | |
| control field | 20120112143825.0 |
| 008 - FIXED-LENGTH DATA ELEMENTS--GENERAL INFORMATION | |
| fixed length control field | 120112t xxu||||| |||| 00| 0 mar d |
| 010 ## - LCCN (DPL NO) | |
| LC control number | MAR-22165 |
| 020 ## - INTERNATIONAL STANDARD BOOK NUMBER | |
| Terms of availability | 200.00 |
| International Standard Book Number | 9789380700656 |
| 035 ## - SYSTEM CONTROL NUMBER | |
| System control number | MR-14823 |
| 037 ## - SOURCE OF ACQUISITION | |
| Source of stock number/acquisition | DBAD/PUB |
| 040 ## - CATALOGING SOURCE | |
| Original cataloging agency | DPL |
| Language of cataloging | MR |
| 082 ## - DEWEY DECIMAL CLASSIFICATION NUMBER | |
| Classification number | 330.9 |
| 100 ## - MAIN ENTRY--PERSONAL NAME | |
| 9 (RLIN) | 39079 |
| Personal name | ह्यूबरमान, लिओ |
| 245 ## - TITLE STATEMENT | |
| Title | माणसाच्या ऐहिक सुखाची गोष्ट / |
| Statement of responsibility, etc | लिओ ह्यूबरमान ; कांचन निजसुरे [तथा] रमेश पाध्ये द्वारा अनुवादित |
| 246 ## - VARYING FORM OF TITLE | |
| Title proper/short title | Mansachya Ahik Sukhachi Gosta |
| Remainder of title | by Leo Huberman |
| 260 ## - PUBLICATION, DISTRIBUTION, ETC. (IMPRINT) | |
| Place of publication, distribution, etc | मुंबई |
| Name of publisher, distributor, etc | लोकवाड्.मय गृह |
| Date of publication, distribution, etc | 2012 |
| 270 ## - ADDRESS | |
| Address | भूपेश गुप्ता भवन 85,सयानी रोड,प्रभादेवी |
| City | मुंबई |
| Postal code | 400025 |
| 300 ## - PHYSICAL DESCRIPTION | |
| Extent | बावीस,326पृ |
| Dimensions | 22सेमी(अजिल्द) |
| Other physical details | नकशा |
| 700 ## - ADDED ENTRY--PERSONAL NAME | |
| Personal name | निजसुरे, कांचन |
| 9 (RLIN) | 47857 |
| 700 ## - ADDED ENTRY--PERSONAL NAME | |
| Personal name | पाध्ये, रमेश |
| 9 (RLIN) | 47862 |
| 942 ## - ADDED ENTRY ELEMENTS (KOHA) | |
| Source of classification or shelving scheme | Dewey Decimal Classification |
| Item type | Marathi Books |
| Call number suffix | ह्यूब |
| Classification part | 330.9 |
| Withdrawn status | Lost status | Source of classification or shelving scheme | Damaged status | Not for loan | Collection code | Home library | Current library | Date acquired | Source of acquisition | Cost, normal purchase price | Total Checkouts | Full call number | Barcode | Date last seen | Copy number | Cost, replacement price | Koha item type |
|---|---|---|---|---|---|---|---|---|---|---|---|---|---|---|---|---|---|
| Dewey Decimal Classification | Not For Loan | Non-fiction | D.B.Act.Division | D.B.Act.Division | 25/05/2012 | DBAD / PUB | 200.00 | 330.9 ह्यूब | MR-14823 | 25/05/2012 | 1 | 200.00 | Marathi Books |
